| 000 | 00765cam a2200217 4500 | ||
|---|---|---|---|
| 008 | 000000n1999 000 0 eng u | ||
| 020 | _a1841130559 | ||
| 035 | _a(Sirsi) u103422 | ||
| 050 | _a346.41043 | ||
| 100 |
_aMcLean, Janet _xEditor |
||
| 245 | _aProperty and the constitution. | ||
| 260 |
_aHart Publishing _c1999 |
||
| 300 | _axix, 274p. ; 24cm. | ||
| 350 | _a30.00 | ||
| 520 | _a A set of essays by public lawyers, property lawyers and legal philosophers in which they examine the public dimensions of private property. Examples are drawn from the United Kingdom, South Africa, Germany, the United States and New Zealand. | ||
| 650 | _aOWNERSHIP | ||
| 650 | _aPRIVATE PROPERTY | ||
| 650 | _aPROPERTY LAW | ||
| 690 | _aPROPERTY | ||
| 942 | _n0 | ||
| 999 |
_c100126 _d100126 |
||